000 00815nam a2200205Ia 4500
008 0000002009 usad 0000000000eng00
090 _aPUS00 C17c
245 1 0 _aCarol K. Brown
_b: paperdolls
300 _a[20] p.
_c/ 28 cm.
500 _aExposición realizada en Nohra Haime Gallery, New York, noviembre 11 diciembre 5, 2009 \ Incluye cronología del artista \ Proyecto Ganador Programa Apoyos Concertados FGAA 2010
600 0 0 _aBROWN, CAROL K./
_xTRABAJOS FOTOGRAFICOS
650 1 4 _aARTE CONTEMPORANEO ESTADOUNIDENSE
650 1 4 _aARTISTAS PLASTICOS ESTADOUNIDENSES
650 1 4 _xCATALOGOS
650 1 4 _xEXPOSICIONES
650 1 4 _aPINTORES ESTADOUNIDENSES
650 1 4 _aPINTURA ACRILICA (ARTE)
650 1 4 _aPINTURA ESTADOUNIDENSE
999 _c12745
_d12745
260 _aNew York : Nohra Haime Gallery
_c2009